000
00229 a2200085 4500
020
_a
26 9781851774364
100
_a
ELEANOR GAWNE
245
_a
EXPLORING ARCHITECTURE: BUILDINGS, MEANING AND MAKING
260
_b
VICTORIA & ALBERT MUSEUM
999
_c
13100
_d
13100